| 000 | 00387nam a2200157Ia 4500 | ||
|---|---|---|---|
| 100 | _aManvi/Sunilkumar S | ||
| 650 | _aWireless and mobile networks | ||
| 942 | _cBK | ||
| 366 | _f27 | ||
| 654 | _awireless | ||
| 245 | _aWireless and mobile networks:Concepts and protocols | ||
| 260 |
_bWiley India _c2010 |
||
| 082 |
_a621.382 _bMAN |
||
| 300 | _a419 | ||
| 546 |
_aENGLISH _celectronics |
||
| 999 |
_c24056 _d24056 |
||